000 00558pam a2200217 i 4500
001 1322002
005 20180313051035.0
008 781221s1980 maua b 001 0 eng
010 _a 78067454
020 _a0201072564 :
_c$20.95
040 _aDLC
_cDLC
_dDLC
041 _aeng
080 _a001.642 STA
082 0 0 _a001.642 STA
100 1 _a28
101 _aSHK
245 1 0 _aData structure techniques /
_cThomas A. Standish.
504 _aBibliography: p. [409]-434.
906 _a7
_bcbc
_corignew
_d1
_eopcn
_f19
_gy-gencatlg
942 _2ddc
_cBK
999 _c44845
_d44845